[Event "Classic Open"]
[Site "Estonia Resort Hotel & Spa conference center, Parnu, EE"]
[Date "2025.08.15"]
[Round "7"]
[White "Wartiovaara, Oliver"]
[Black "Pidluznij, Gleb"]
[Result "0-1"]
[Board "5"]
[WhiteFideId "513024"]
[BlackFideId "12817082"]
[WhiteTitle "FM"]
[BlackTitle "FM"]
[WhiteElo "2310"]
[BlackElo "2431"]
[WhiteTeam "FIN"]
[BlackTeam "LTU"]
[WhiteClock "0:37:15"]
[BlackClock "0:01:33"]
[Variant "Standard"]

1. e4 {[%clk 1:30:56]}  e5 {[%clk 1:29:30]} 2. Nc3 {[%clk 1:31:20]}  Nf6 {[%clk 1:29:09]} 3. d4 {[%clk 1:31:45]}  exd4 {[%clk 1:27:54]} 4. Qxd4 {[%clk 1:32:11]}  Nc6 {[%clk 1:27:44]} 5. Qd3 {[%clk 1:32:35]}  d6 {[%clk 1:20:45]} 6. Bg5 {[%clk 1:29:03]}  Be7 {[%clk 1:16:14]} 7. O-O-O {[%clk 1:26:39]}  O-O {[%clk 1:16:05]} 8. f3 {[%clk 1:25:43]}  Nd7 {[%clk 1:13:20]} 9. Bxe7 {[%clk 1:25:52]}  Qxe7 {[%clk 1:12:47]} 10. Nd5 {[%clk 1:25:36]}  Qd8 {[%clk 1:13:04]} 11. Qc3 {[%clk 1:21:00]}  Nb6 {[%clk 0:59:16]} 12. Ne2 {[%clk 1:18:34]}  f5 {[%clk 0:47:09]} 13. Ng3 {[%clk 1:11:06]}  fxe4 {[%clk 0:36:49]} 14. Nxb6 {[%clk 1:10:55]}  axb6 {[%clk 0:34:59]} 15. Bc4+ {[%clk 1:11:20]}  Kh8 {[%clk 0:35:22]} 16. Nxe4 {[%clk 1:10:50]}  Bf5 {[%clk 0:34:16]} 17. Rhe1 {[%clk 1:09:31]}  Ra5 {[%clk 0:31:49]} 18. b4 {[%clk 1:05:36]}  Ra8 {[%clk 0:18:00]} 19. f4 {[%clk 1:04:10]}  Bg4 {[%clk 0:16:53]} 20. Ng5 {[%clk 0:59:54]}  Qf6 {[%clk 0:16:20]} 21. Qxf6 {[%clk 0:58:43]}  gxf6 {[%clk 0:13:29]} 22. Nf7+ {[%clk 0:57:22]}  Kg7 {[%clk 0:11:57]} 23. Rd3 {[%clk 0:57:48]}  d5 {[%clk 0:10:27]} 24. Bb3 {[%clk 0:53:07]}  Nxb4 {[%clk 0:03:30]} 25. Rg3 {[%clk 0:53:16]}  Kxf7 {[%clk 0:03:12]} 26. Rxg4 {[%clk 0:53:38]}  c5 {[%clk 0:02:12]} 27. Rd1 {[%clk 0:36:45]}  c4 {[%clk 0:02:21]} 28. c3 {[%clk 0:37:10]}  cxb3 {[%clk 0:01:32]} 29. cxb4 {[%clk 0:37:37]}  Rxa2 {[%clk 0:01:31]} 30. Rd3 {[%clk 0:37:15]}  Re8 {[%clk 0:01:33]} 0-1

[Event "Classic Open"]
[Site "Estonia Resort Hotel & Spa conference center, Parnu, EE"]
[Date "2025.08.15"]
[Round "7"]
[White "Jakubowski, Krzysztof"]
[Black "Sharma Isha"]
[Result "1-0"]
[Board "6"]
[WhiteFideId "1112848"]
[BlackFideId "35006665"]
[WhiteTitle "GM"]
[BlackTitle "WIM"]
[WhiteElo "2443"]
[BlackElo "2312"]
[WhiteTeam "POL"]
[BlackTeam "IND"]
[WhiteClock "0:25:40"]
[BlackClock "0:00:47"]
[Variant "Standard"]

1. d4 {[%clk 1:29:54]}  Nf6 {[%clk 1:26:48]} 2. c4 {[%clk 1:30:17]}  e6 {[%clk 1:27:14]} 3. Nf3 {[%clk 1:30:40]}  d5 {[%clk 1:26:11]} 4. Bg5 {[%clk 1:30:30]}  h6 {[%clk 1:23:08]} 5. Bxf6 {[%clk 1:28:56]}  Qxf6 {[%clk 1:22:40]} 6. e3 {[%clk 1:28:18]}  c6 {[%clk 1:16:18]} 7. Nbd2 {[%clk 1:27:52]}  Nd7 {[%clk 1:13:37]} 8. Rc1 {[%clk 1:27:07]}  g5 {[%clk 1:12:14]} 9. h3 {[%clk 1:24:08]}  Bd6 {[%clk 1:06:10]} 10. Bd3 {[%clk 1:16:08]}  Qg7 {[%clk 0:55:11]} 11. e4 {[%clk 1:10:56]}  dxe4 {[%clk 0:54:03]} 12. Nxe4 {[%clk 1:10:21]}  Bb4+ {[%clk 0:54:27]} 13. Kf1 {[%clk 1:10:22]}  f5 {[%clk 0:49:19]} 14. Ng3 {[%clk 1:08:49]}  O-O {[%clk 0:49:17]} 15. c5 {[%clk 1:07:58]}  Ba5 {[%clk 0:42:23]} 16. Qb3 {[%clk 0:59:56]}  Kh8 {[%clk 0:36:31]} 17. Bc4 {[%clk 0:58:23]}  e5 {[%clk 0:33:33]} 18. h4 {[%clk 0:58:04]}  g4 {[%clk 0:30:53]} 19. Ng5 {[%clk 0:56:22]}  Bd2 {[%clk 0:30:16]} 20. Ne6 {[%clk 0:55:35]}  Nxc5 {[%clk 0:29:45]} 21. dxc5 {[%clk 0:44:58]}  Bxe6 {[%clk 0:30:08]} 22. Rd1 {[%clk 0:45:19]}  Bxc4+ {[%clk 0:29:56]} 23. Qxc4 {[%clk 0:45:45]}  Rad8 {[%clk 0:21:20]} 24. Qe6 {[%clk 0:40:35]}  Qf6 {[%clk 0:11:25]} 25. Qxf6+ {[%clk 0:38:00]}  Rxf6 {[%clk 0:11:50]} 26. Ke2 {[%clk 0:38:04]}  Ba5 {[%clk 0:12:14]} 27. Rxd8+ {[%clk 0:34:24]}  Bxd8 {[%clk 0:12:39]} 28. Rd1 {[%clk 0:34:50]}  Be7 {[%clk 0:13:04]} 29. b4 {[%clk 0:35:16]}  f4 {[%clk 0:09:45]} 30. Ne4 {[%clk 0:32:40]}  f3+ {[%clk 0:09:15]} 31. Ke3 {[%clk 0:32:39]}  Rf7 {[%clk 0:06:54]} 32. g3 {[%clk 0:33:04]}  Kg7 {[%clk 0:05:41]} 33. Nd6 {[%clk 0:33:04]}  Bxd6 {[%clk 0:02:53]} 34. Rxd6 {[%clk 0:33:28]}  Re7 {[%clk 0:02:41]} 35. h5 {[%clk 0:33:03]}  Kh7 {[%clk 0:02:29]} 36. Ke4 {[%clk 0:32:33]}  Rg7 {[%clk 0:01:51]} 37. a4 {[%clk 0:27:45]}  a6 {[%clk 0:01:06]} 38. a5 {[%clk 0:24:08]}  Rg5 {[%clk 0:00:57]} 39. Rd7+ {[%clk 0:24:29]}  Kg8 {[%clk 0:01:05]} 40. Rxb7 {[%clk 0:24:35]}  Kf8 {[%clk 0:00:32]} 41. b5 {[%clk 0:24:48]}  cxb5 {[%clk 0:00:59]} 42. c6 {[%clk 0:25:15]}  Ke8 {[%clk 0:00:47]} 43. Rb8+ {[%clk 0:25:40]} 1-0

[Event "Classic Open"]
[Site "Estonia Resort Hotel & Spa conference center, Parnu, EE"]
[Date "2025.08.15"]
[Round "7"]
[White "Kostov, Deyan Samuil"]
[Black "Valdats, Reinis"]
[Result "1/2-1/2"]
[Board "7"]
[WhiteFideId "30909015"]
[BlackFideId "11617578"]
[WhiteTitle "FM"]
[BlackTitle "FM"]
[WhiteElo "2368"]
[BlackElo "2302"]
[WhiteTeam "BUL"]
[BlackTeam "LAT"]
[WhiteClock "0:15:43"]
[BlackClock "0:07:12"]
[Variant "Standard"]

1. d4 {[%clk 1:30:56]}  Nf6 {[%clk 1:30:56]} 2. Bg5 {[%clk 1:30:59]}  d5 {[%clk 1:31:06]} 3. Nd2 {[%clk 1:31:10]}  c5 {[%clk 1:29:05]} 4. dxc5 {[%clk 1:30:30]}  e6 {[%clk 1:28:01]} 5. Nb3 {[%clk 1:17:43]}  Nbd7 {[%clk 1:22:43]} 6. e4 {[%clk 1:09:28]}  dxe4 {[%clk 1:13:41]} 7. Bb5 {[%clk 1:04:29]}  Bxc5 {[%clk 1:07:43]} 8. Bxf6 {[%clk 0:59:57]}  gxf6 {[%clk 1:07:16]} 9. Qh5 {[%clk 0:50:08]}  Bb4+ {[%clk 0:58:05]} 10. c3 {[%clk 0:50:10]}  Be7 {[%clk 0:58:11]} 11. O-O-O {[%clk 0:47:49]}  Qc7 {[%clk 0:56:37]} 12. f3 {[%clk 0:36:23]}  a6 {[%clk 0:50:24]} 13. Be2 {[%clk 0:30:06]}  b5 {[%clk 0:39:11]} 14. fxe4 {[%clk 0:21:43]}  Bb7 {[%clk 0:38:27]} 15. Bf3 {[%clk 0:22:04]}  Ne5 {[%clk 0:29:12]} 16. Ne2 {[%clk 0:21:20]}  b4 {[%clk 0:29:09]} 17. Kb1 {[%clk 0:21:26]}  a5 {[%clk 0:23:24]} 18. Nbd4 {[%clk 0:20:22]}  Qb6 {[%clk 0:22:53]} 19. Ka1 {[%clk 0:18:58]}  Ba6 {[%clk 0:20:56]} 20. Bg4 {[%clk 0:14:51]}  O-O {[%clk 0:18:33]} 21. Bf5 {[%clk 0:13:54]}  Ng6 {[%clk 0:14:20]} 22. Nxe6 {[%clk 0:14:16]}  Bxe2 {[%clk 0:09:07]} 23. Qh6 {[%clk 0:14:09]}  fxe6 {[%clk 0:05:28]} 24. Bxg6 {[%clk 0:14:25]}  hxg6 {[%clk 0:05:52]} 25. Qxg6+ {[%clk 0:14:50]}  Kh8 {[%clk 0:06:19]} 26. Qh6+ {[%clk 0:15:16]}  Kg8 {[%clk 0:06:46]} 27. Qg6+ {[%clk 0:15:43]}  Kh8 {[%clk 0:07:12]} 1/2-1/2

[Event "Classic Open"]
[Site "Estonia Resort Hotel & Spa conference center, Parnu, EE"]
[Date "2025.08.15"]
[Round "7"]
[White "Tolmacevs,Artjoms"]
[Black "Sharan, Rao"]
[Result "0-1"]
[Board "8"]
[WhiteFideId "11617519"]
[BlackFideId "5073464"]
[BlackTitle "IM"]
[WhiteElo "2258"]
[BlackElo "2365"]
[WhiteTeam "LAT"]
[BlackTeam "IND"]
[WhiteClock "0:00:55"]
[BlackClock "0:16:07"]
[Variant "Standard"]

1. e4 {[%clk 1:30:58]}  c6 {[%clk 1:23:59]} 2. d4 {[%clk 1:31:21]}  d5 {[%clk 1:24:25]} 3. e5 {[%clk 1:31:44]}  Bf5 {[%clk 1:24:23]} 4. h4 {[%clk 1:32:06]}  h5 {[%clk 1:24:47]} 5. Bd3 {[%clk 1:32:31]}  Bxd3 {[%clk 1:25:13]} 6. Qxd3 {[%clk 1:32:55]}  Qa5+ {[%clk 1:24:51]} 7. b4 {[%clk 1:31:42]}  Qxb4+ {[%clk 1:24:17]} 8. Nd2 {[%clk 1:32:05]}  e6 {[%clk 1:23:12]} 9. Rb1 {[%clk 1:32:29]}  Qe7 {[%clk 1:23:36]} 10. c4 {[%clk 1:29:21]}  Nh6 {[%clk 1:20:37]} 11. Ne2 {[%clk 1:26:42]}  Nf5 {[%clk 1:20:39]} 12. cxd5 {[%clk 1:08:41]}  cxd5 {[%clk 1:21:03]} 13. Qb5+ {[%clk 1:09:09]}  Nc6 {[%clk 1:21:25]} 14. Nf3 {[%clk 1:09:34]}  Rc8 {[%clk 1:18:52]} 15. Bg5 {[%clk 1:06:45]}  f6 {[%clk 1:14:18]} 16. Bf4 {[%clk 0:53:18]}  b6 {[%clk 1:11:16]} 17. O-O {[%clk 0:52:41]}  Kf7 {[%clk 1:04:01]} 18. Rfc1 {[%clk 0:49:00]}  Qb7 {[%clk 1:04:06]} 19. a4 {[%clk 0:45:48]}  Ba3 {[%clk 0:56:54]} 20. Re1 {[%clk 0:36:36]}  Qe7 {[%clk 0:52:04]} 21. Rb3 {[%clk 0:33:22]}  Na5 {[%clk 0:48:05]} 22. Rd3 {[%clk 0:32:57]}  Bb4 {[%clk 0:43:52]} 23. Rb1 {[%clk 0:31:02]}  Rc4 {[%clk 0:43:42]} 24. Bd2 {[%clk 0:27:41]}  Bxd2 {[%clk 0:41:26]} 25. Nxd2 {[%clk 0:28:09]}  Rc2 {[%clk 0:40:55]} 26. exf6 {[%clk 0:27:44]}  gxf6 {[%clk 0:40:52]} 27. Nf4 {[%clk 0:27:15]}  Rhc8 {[%clk 0:33:19]} 28. Nf1 {[%clk 0:22:05]}  Nc6 {[%clk 0:27:44]} 29. Re1 {[%clk 0:15:21]}  Ncxd4 {[%clk 0:26:02]} 30. Rxd4 {[%clk 0:15:31]}  Nxd4 {[%clk 0:23:17]} 31. Qd3 {[%clk 0:15:55]}  Qc5 {[%clk 0:17:12]} 32. Qh7+ {[%clk 0:11:46]}  Ke8 {[%clk 0:17:40]} 33. Nxe6 {[%clk 0:10:09]}  Nxe6 {[%clk 0:17:44]} 34. Rxe6+ {[%clk 0:10:30]}  Kd8 {[%clk 0:18:11]} 35. Rxf6 {[%clk 0:09:29]}  Re2 {[%clk 0:18:30]} 36. Qxh5 {[%clk 0:06:01]}  Re1 {[%clk 0:18:58]} 37. Qf5 {[%clk 0:02:31]}  Kc7 {[%clk 0:17:01]} 38. h5 {[%clk 0:02:18]}  Qc4 {[%clk 0:15:57]} 39. Qf4+ {[%clk 0:02:25]}  Kb7 {[%clk 0:15:48]} 40. Rf7+ {[%clk 0:01:13]}  Ka6 {[%clk 0:16:17]} 41. Qf5 {[%clk 0:00:55]}  Rxf1+ {[%clk 0:16:07]} 0-1

[Event "Classic Open"]
[Site "Estonia Resort Hotel & Spa conference center, Parnu, EE"]
[Date "2025.08.15"]
[Round "7"]
[White "Fischer, Daniel"]
[Black "Vingris,Mikelis"]
[Result "1/2-1/2"]
[Board "9"]
[WhiteFideId "1328360"]
[BlackFideId "11611731"]
[WhiteTitle "IM"]
[WhiteElo "2360"]
[BlackElo "2287"]
[WhiteTeam "SUI"]
[BlackTeam "LAT"]
[WhiteClock "0:01:27"]
[BlackClock "0:09:27"]
[Variant "Standard"]

1. e4 {[%clk 1:30:57]}  c5 {[%clk 1:30:50]} 2. Nf3 {[%clk 1:31:23]}  d6 {[%clk 1:31:10]} 3. Bb5+ {[%clk 1:31:39]}  Nd7 {[%clk 1:31:35]} 4. d4 {[%clk 1:31:53]}  cxd4 {[%clk 1:31:57]} 5. Nxd4 {[%clk 1:32:19]}  a6 {[%clk 1:31:52]} 6. Bd3 {[%clk 1:31:25]}  Ngf6 {[%clk 1:29:58]} 7. c4 {[%clk 1:31:11]}  Nc5 {[%clk 1:25:28]} 8. Nc3 {[%clk 1:31:13]}  g6 {[%clk 1:23:33]} 9. O-O {[%clk 1:31:00]}  Bg7 {[%clk 1:21:41]} 10. Re1 {[%clk 1:29:29]}  Nxd3 {[%clk 1:11:07]} 11. Qxd3 {[%clk 1:29:54]}  O-O {[%clk 1:11:30]} 12. h3 {[%clk 1:28:59]}  Nd7 {[%clk 1:05:27]} 13. Be3 {[%clk 1:25:38]}  Ne5 {[%clk 1:01:06]} 14. Qe2 {[%clk 1:25:31]}  Be6 {[%clk 1:00:49]} 15. b3 {[%clk 1:22:36]}  Rc8 {[%clk 0:56:03]} 16. a4 {[%clk 1:11:23]}  Nc6 {[%clk 0:49:28]} 17. Rad1 {[%clk 1:01:43]}  Qa5 {[%clk 0:45:17]} 18. Nd5 {[%clk 1:00:49]}  Bxd5 {[%clk 0:44:41]} 19. exd5 {[%clk 1:01:14]}  Nxd4 {[%clk 0:44:10]} 20. Bxd4 {[%clk 1:01:39]}  Bxd4 {[%clk 0:44:18]} 21. Rxd4 {[%clk 1:02:05]}  Rc7 {[%clk 0:43:45]} 22. Re4 {[%clk 0:53:35]}  Re8 {[%clk 0:42:04]} 23. h4 {[%clk 0:50:24]}  Qc3 {[%clk 0:38:29]} 24. Re3 {[%clk 0:49:37]}  Qd4 {[%clk 0:31:47]} 25. h5 {[%clk 0:48:36]}  Qh4 {[%clk 0:30:09]} 26. Rh3 {[%clk 0:47:30]}  Qd4 {[%clk 0:30:10]} 27. Rd1 {[%clk 0:42:01]}  Qf6 {[%clk 0:30:14]} 28. Qe3 {[%clk 0:38:57]}  Rb8 {[%clk 0:28:51]} 29. Qb6 {[%clk 0:37:16]}  Rbc8 {[%clk 0:28:38]} 30. Re1 {[%clk 0:36:38]}  Rd7 {[%clk 0:28:05]} 31. Re4 {[%clk 0:33:40]}  Re8 {[%clk 0:22:36]} 32. Qe3 {[%clk 0:26:43]}  Rc7 {[%clk 0:20:51]} 33. hxg6 {[%clk 0:20:17]}  hxg6 {[%clk 0:20:57]} 34. Rh6 {[%clk 0:19:47]}  Kg7 {[%clk 0:17:16]} 35. Qh3 {[%clk 0:19:05]}  Rg8 {[%clk 0:16:48]} 36. Rh7+ {[%clk 0:18:40]}  Kf8 {[%clk 0:17:13]} 37. Re3 {[%clk 0:14:13]}  Ke8 {[%clk 0:16:40]} 38. Rf3 {[%clk 0:12:59]}  Qa1+ {[%clk 0:17:04]} 39. Kh2 {[%clk 0:13:26]}  Qe5+ {[%clk 0:17:22]} 40. g3 {[%clk 0:13:15]}  Rf8 {[%clk 0:16:53]} 41. Qh6 {[%clk 0:13:13]}  Rc8 {[%clk 0:16:31]} 42. Rf4 {[%clk 0:09:13]}  b5 {[%clk 0:12:21]} 43. Qh3 {[%clk 0:08:00]}  Rb8 {[%clk 0:11:08]} 44. axb5 {[%clk 0:05:37]}  axb5 {[%clk 0:11:34]} 45. Rfh4 {[%clk 0:03:42]}  Kd8 {[%clk 0:10:58]} 46. Qg4 {[%clk 0:03:00]}  Qb2 {[%clk 0:07:57]} 47. Qf3 {[%clk 0:02:21]}  bxc4 {[%clk 0:06:53]} 48. Rxf7 {[%clk 0:01:44]}  Rxf7 {[%clk 0:06:45]} 49. Qxf7 {[%clk 0:02:12]}  cxb3 {[%clk 0:06:53]} 50. Qg8+ {[%clk 0:01:12]}  Kc7 {[%clk 0:07:00]} 51. Rc4+ {[%clk 0:01:22]}  Kb7 {[%clk 0:07:26]} 52. Rb4+ {[%clk 0:01:38]}  Ka6 {[%clk 0:07:52]} 53. Qxb8 {[%clk 0:01:30]}  Qxf2+ {[%clk 0:08:16]} 54. Kh3 {[%clk 0:01:18]}  Qf1+ {[%clk 0:08:37]} 55. Kh2 {[%clk 0:01:24]}  Qf2+ {[%clk 0:09:02]} 56. Kh3 {[%clk 0:01:27]}  Qf1+ {[%clk 0:09:27]} 1/2-1/2

[Event "Classic Open"]
[Site "Estonia Resort Hotel & Spa conference center, Parnu, EE"]
[Date "2025.08.15"]
[Round "7"]
[White "Shalamberidze, Akaki"]
[Black "Gaponenko, Inna"]
[Result "1/2-1/2"]
[Board "10"]
[WhiteFideId "13600532"]
[BlackFideId "14101181"]
[WhiteTitle "IM"]
[BlackTitle "IM"]
[WhiteElo "2193"]
[BlackElo "2338"]
[WhiteTeam "GEO"]
[BlackTeam "UKR"]
[WhiteClock "0:02:13"]
[BlackClock "0:02:33"]
[Variant "Standard"]

1. Nf3 {[%clk 1:30:12]}  d5 {[%clk 1:30:52]} 2. c4 {[%clk 1:29:22]}  e6 {[%clk 1:29:17]} 3. g3 {[%clk 1:28:14]}  Nf6 {[%clk 1:26:11]} 4. d4 {[%clk 1:25:40]}  dxc4 {[%clk 1:25:54]} 5. Qc2 {[%clk 1:21:57]}  c5 {[%clk 1:08:09]} 6. Qxc4 {[%clk 1:10:55]}  cxd4 {[%clk 0:51:48]} 7. Nxd4 {[%clk 1:06:20]}  e5 {[%clk 0:48:56]} 8. Nb5 {[%clk 1:03:41]}  Nc6 {[%clk 0:44:36]} 9. Bg2 {[%clk 1:03:48]}  Bd7 {[%clk 0:44:04]} 10. O-O {[%clk 0:48:43]}  Rc8 {[%clk 0:44:22]} 11. Qh4 {[%clk 0:41:37]}  Be7 {[%clk 0:28:44]} 12. Bg5 {[%clk 0:41:29]}  O-O {[%clk 0:29:06]} 13. Rd1 {[%clk 0:27:42]}  h6 {[%clk 0:29:30]} 14. Bxf6 {[%clk 0:28:06]}  Bxf6 {[%clk 0:29:56]} 15. Qe4 {[%clk 0:28:33]}  Nd4 {[%clk 0:30:09]} 16. Nxd4 {[%clk 0:28:07]}  exd4 {[%clk 0:27:36]} 17. Nd2 {[%clk 0:25:18]}  Qb6 {[%clk 0:18:05]} 18. Qxb7 {[%clk 0:20:28]}  Qxb7 {[%clk 0:16:39]} 19. Bxb7 {[%clk 0:20:50]}  Rb8 {[%clk 0:16:24]} 20. Bf3 {[%clk 0:08:56]}  Rxb2 {[%clk 0:16:47]} 21. Ne4 {[%clk 0:09:14]}  Be5 {[%clk 0:14:13]} 22. Nc5 {[%clk 0:09:34]}  Bf5 {[%clk 0:12:04]} 23. Nd3 {[%clk 0:09:42]}  Bxd3 {[%clk 0:12:13]} 24. Rxd3 {[%clk 0:09:00]}  Rc8 {[%clk 0:11:15]} 25. Ra3 {[%clk 0:06:31]}  Rc7 {[%clk 0:04:03]} 26. Rd1 {[%clk 0:05:22]}  Rcc2 {[%clk 0:02:08]} 27. Ra5 {[%clk 0:04:01]}  Bf6 {[%clk 0:02:37]} 28. a3 {[%clk 0:02:10]}  Rc7 {[%clk 0:03:01]} 29. Rd3 {[%clk 0:02:24]}  g6 {[%clk 0:02:14]} 30. h4 {[%clk 0:02:48]}  h5 {[%clk 0:02:32]} 31. Ra6 {[%clk 0:02:39]}  Kg7 {[%clk 0:02:46]} 32. Kg2 {[%clk 0:03:04]}  Be5 {[%clk 0:02:19]} 33. Ra5 {[%clk 0:03:02]}  Bf6 {[%clk 0:02:08]} 34. Ra6 {[%clk 0:03:20]}  Be5 {[%clk 0:02:33]} 35. Ra5 {[%clk 0:02:13]} 1/2-1/2

[Event "Classic Open"]
[Site "Estonia Resort Hotel & Spa conference center, Parnu, EE"]
[Date "2025.08.15"]
[Round "7"]
[White "Nissinen, Niilo Man"]
[Black "Kopylov, Michael"]
[Result "1/2-1/2"]
[Board "11"]
[WhiteFideId "30950767"]
[BlackFideId "14105080"]
[WhiteTitle "FM"]
[BlackTitle "IM"]
[WhiteElo "2150"]
[BlackElo "2328"]
[WhiteTeam "HKG"]
[BlackTeam "UKR"]
[WhiteClock "0:56:53"]
[BlackClock "1:08:37"]
[Variant "Standard"]

1. e4 {[%clk 1:28:35]}  c5 {[%clk 1:30:46]} 2. Nf3 {[%clk 1:28:53]}  a6 {[%clk 1:30:32]} 3. c4 {[%clk 1:26:08]}  b6 {[%clk 1:29:33]} 4. Nc3 {[%clk 1:25:03]}  Bb7 {[%clk 1:29:48]} 5. d4 {[%clk 1:24:28]}  cxd4 {[%clk 1:30:09]} 6. Nxd4 {[%clk 1:24:44]}  e6 {[%clk 1:30:26]} 7. a3 {[%clk 1:18:37]}  Qc7 {[%clk 1:30:14]} 8. Be2 {[%clk 1:17:41]}  Nf6 {[%clk 1:29:58]} 9. f3 {[%clk 1:13:31]}  Be7 {[%clk 1:27:30]} 10. Be3 {[%clk 1:12:37]}  d6 {[%clk 1:27:46]} 11. O-O {[%clk 1:12:22]}  Nbd7 {[%clk 1:26:05]} 12. Rc1 {[%clk 1:11:43]}  O-O {[%clk 1:24:31]} 13. Kh1 {[%clk 1:11:06]}  Rac8 {[%clk 1:24:17]} 14. b4 {[%clk 1:08:15]}  Rfe8 {[%clk 1:21:52]} 15. Qb3 {[%clk 1:06:50]}  Qb8 {[%clk 1:15:19]} 16. Rfd1 {[%clk 0:56:53]}  Bd8 {[%clk 1:08:37]} 1/2-1/2

[Event "Classic Open"]
[Site "Estonia Resort Hotel & Spa conference center, Parnu, EE"]
[Date "2025.08.15"]
[Round "8"]
[White "Meshkovs, Nikita"]
[Black "Bogner, Sebastian"]
[Result "1/2-1/2"]
[Board "1"]
[WhiteFideId "11602740"]
[BlackFideId "4692055"]
[WhiteTitle "GM"]
[BlackTitle "GM"]
[WhiteElo "2547"]
[BlackElo "2552"]
[WhiteTeam "LAT"]
[BlackTeam "SUI"]
[WhiteClock "1:12:47"]
[BlackClock "0:54:48"]
[Variant "Standard"]

1. d4 {[%clk 1:30:57]}  Nf6 {[%clk 1:30:55]} 2. Bg5 {[%clk 1:31:18]}  d5 {[%clk 1:31:10]} 3. Nd2 {[%clk 1:31:30]}  g6 {[%clk 1:28:51]} 4. Bxf6 {[%clk 1:31:08]}  exf6 {[%clk 1:29:14]} 5. e3 {[%clk 1:31:33]}  Bd6 {[%clk 1:24:00]} 6. c4 {[%clk 1:31:52]}  dxc4 {[%clk 1:23:55]} 7. Bxc4 {[%clk 1:32:19]}  O-O {[%clk 1:23:27]} 8. Ngf3 {[%clk 1:32:38]}  f5 {[%clk 1:23:07]} 9. O-O {[%clk 1:30:48]}  Nd7 {[%clk 1:22:59]} 10. e4 {[%clk 1:31:03]}  fxe4 {[%clk 1:19:09]} 11. Nxe4 {[%clk 1:31:31]}  Nf6 {[%clk 1:13:14]} 12. Neg5 {[%clk 1:31:50]}  c6 {[%clk 1:08:52]} 13. Ne5 {[%clk 1:32:12]}  Nd5 {[%clk 1:07:56]} 14. Ne4 {[%clk 1:32:39]}  Be6 {[%clk 1:04:49]} 15. Qf3 {[%clk 1:17:46]}  Kg7 {[%clk 0:54:48]} 16. Rfe1 {[%clk 1:12:47]} 1/2-1/2